| 000 | 02256nam a22003137a 4500 | ||
|---|---|---|---|
| 005 | 20110728164846.0 | ||
| 010 | _aB-435613-617 | ||
| 020 |
_a8182636728 _c20.00 |
||
| 035 | _aB-435613-617 | ||
| 037 | _bब्ल्यूबेरी बुक्स | ||
| 082 | _aक | ||
| 100 |
_aशर्मा, बुलबुल _931174 |
||
| 245 |
_aकुदरत के रंग / _cबुलबुल शर्मा; मनीषा चौधरी द्वारा चित्रांकित |
||
| 246 |
_akudrat ke sang _bby Bulbul Sharma |
||
| 250 | _a3रा हिन्दी संस्क. | ||
| 260 |
_aनई दिल्ली _bप्रथम बुक्स _c2010 |
||
| 270 |
_a633-634, 4th "C" Main, 6th 'B' Cross, OMBR Layout, Banaswadi, _bBangalore _e560043 _k+91 11 41042483 |
||
| 300 |
_a17पृ. _bसचित्र _c18सेमी (अजिल्द) |
||
| 700 |
_928835 _aचौधरी, मनीषा |
||
| 700 | _928836 | ||
| 700 | _930368 | ||
| 942 |
_2ddc _cCH _hक _mशर्माबु |
||
| 999 |
_c54544 _d54544 |
||